Представление документа в формате RUSMARC

ПолеНазваниеЗначение
  Тип записи a
  Библиографический уровень m
001 Контрольный номер 8079713f49c147978432fb6331e27961
005 Дата корректировки 20160715134429.3
010 Индекс ISBN __
a ISBN 978-5-91730-557-8
101 Язык документа 0_
a Язык текста rus
102 Страна публикации __
a Страна публикации RU
200 Заглавие и сведения об ответственности 1_
e Сведения, относящиеся к заглавию монография
b Общее обозначение материала Текст
a Заглавие Оптимизация потребительских свойств непродовольственных товаров на основе функционально-стоимостного анализа
f Первые сведения об ответственности Н.В. Еремеев, Ф.А. Петрище, Р.С. Садофьев, М.А. Черная
205 Сведения об издании __
b Дополнительные сведения об издании В надзаголовке: Центросоюз Российской Федерации. Российский университет кооперации
210 Выходные данные 1_
a Место издания Ярославль-Москва
c Издательство Канцлер
d Дата издания 2016
215 Физическое описание __
a Объем 160 с.
610 Ключевые слова 0_
a Ключевые слова монография
a Ключевые слова товароведение
a Ключевые слова непродовольственные товары
a Ключевые слова потребительские свойства непродовольственных товаров
a Ключевые слова фанера
a Ключевые слова фанерная продукция
686 Индексы других классификаций __
a Классификационный индекс 30.609
700 Автор _1
a Фамилия Еремеева
b Имя Н.В.
701 Альтернативная интеллектуальная ответственность _1
b Имя Ф.А.
a Фамилия Петрище
701 Альтернативная интеллектуальная ответственность _1
a Фамилия Садофьев
b Имя Р.С.
701 Альтернативная интеллектуальная ответственность _1
a Фамилия Черная
b Имя М.А.
801 Источник записи _0
a Страна RU
b Организация РУК
g Правила каталогизации PSBO
801 Источник записи _1
a Страна RU
b Организация РУК
g Правила каталогизации PSBO
852 Данные о местонахождении __
i Авторский знак Е 70
j Шифр хранения ББК 30.609
901 Тип документа __
t Тип документа m
937 Технологическая информация __
a Создатель записи (имя) Михно
938 Служебная информация __
a Название организации Поволжский филиал
952 Тип литературы __
c Вид литературы монография